<?xml version="1.0" encoding="UTF-8"?>
<collection xmlns="http://www.loc.gov/MARC21/slim">
 <record>
  <leader>01160pam a22002778a 4500</leader>
  <controlfield tag="001">00045749</controlfield>
  <controlfield tag="005">20200901160927.0</controlfield>
  <controlfield tag="008">110812s2002                  ||||||viesd</controlfield>
  <datafield tag="020" ind1="#" ind2="#">
   <subfield code="a">9786040195449</subfield>
   <subfield code="c">11000</subfield>
  </datafield>
  <datafield tag="041" ind1="0" ind2="#">
   <subfield code="a">vie</subfield>
  </datafield>
  <datafield tag="082" ind1="1" ind2="4">
   <subfield code="a">372.83</subfield>
   <subfield code="b">Đ108Đ</subfield>
  </datafield>
  <datafield tag="245" ind1="0" ind2="0">
   <subfield code="a">Đạo đức 1</subfield>
   <subfield code="c">Nguyễn Thị Mỹ Lộc (tổng chủ biên); Huỳnh Văn Sơn (chủ biên); Nguyễn Thị Mỹ Hạnh,...[và những người khác]</subfield>
  </datafield>
  <datafield tag="260" ind1="#" ind2="#">
   <subfield code="c">2020</subfield>
   <subfield code="a">Hà Nội</subfield>
   <subfield code="b">Giáo dục</subfield>
  </datafield>
  <datafield tag="300" ind1="#" ind2="#">
   <subfield code="a">56 tr.</subfield>
   <subfield code="b">minh hoạ màu</subfield>
   <subfield code="c">27 cm</subfield>
  </datafield>
  <datafield tag="490" ind1="#" ind2="#">
   <subfield code="a">Cùng học để phát triển năng lực</subfield>
  </datafield>
  <datafield tag="653" ind1="#" ind2="#">
   <subfield code="a">Lớp 1</subfield>
  </datafield>
  <datafield tag="653" ind1="#" ind2="#">
   <subfield code="a">Sách giáo khoa</subfield>
  </datafield>
  <datafield tag="653" ind1="#" ind2="#">
   <subfield code="a">Đạo đức</subfield>
  </datafield>
  <datafield tag="700" ind1="1" ind2="#">
   <subfield code="a">Huỳnh, Văn Sơn</subfield>
   <subfield code="e">Chủ biên</subfield>
  </datafield>
  <datafield tag="700" ind1="1" ind2="#">
   <subfield code="a">Nguyễn, Thanh Huân</subfield>
  </datafield>
  <datafield tag="700" ind1="1" ind2="#">
   <subfield code="a">Nguyễn, Thị Diễm My</subfield>
  </datafield>
  <datafield tag="700" ind1="1" ind2="#">
   <subfield code="a">Nguyễn, Thị Mỹ Hạnh</subfield>
  </datafield>
  <datafield tag="700" ind1="1" ind2="#">
   <subfield code="a">Nguyễn, Thị Mỹ Lộc</subfield>
   <subfield code="e">Tổng chủ biên</subfield>
  </datafield>
  <datafield tag="700" ind1="1" ind2="#">
   <subfield code="a">Nguyễn, Thị Xuân Phương</subfield>
  </datafield>
  <datafield tag="852" ind1="#" ind2="#">
   <subfield code="j">KGT.0060321</subfield>
   <subfield code="j">KGT.0060319</subfield>
   <subfield code="j">KGT.0060322</subfield>
   <subfield code="j">KGT.0060320</subfield>
   <subfield code="j">KD.0027364</subfield>
  </datafield>
  <datafield tag="980" ind1="#" ind2="#">
   <subfield code="a">Trung tâm Học liệu Lê Vũ Hùng, Trường Đại học Đồng Tháp</subfield>
  </datafield>
 </record>
</collection>
